LEADER 01043nam0-2200337---450- 001 990010095950403321 005 20160831122806.0 010 $a9783775736442 035 $a001009595 035 $aFED01001009595 035 $a(Aleph)001009595FED01 035 $a001009595 100 $a20160831d2013----km-y0itay50------ba 101 0 $ager 102 $aDE 105 $aaf------001yy 200 1 $a1914 - Welt in Farbe$eFarbfotografie vor dem Krieg$fHerausgegeben vom LVR-LandesMuseum Bonn$gtexte von Christoph Antweiler ... [et al.] 210 $aOstfildern$cHatje Cantz$d2013 215 $a143 p.$d28 cm 300 $aMostra tenuta a Bonn nel 2013 610 0 $aFotografie a colori$aStoria$a1909-1914$aMostre 676 $a778.6$v18 702 1$aAntweiler,$bChristoph 712 02$aLandesmuseum$c 801 0$aIT$bUNINA$gRICA$2UNIMARC 901 $aBK 912 $a990010095950403321 952 $a778.6 MOSTRA BONN 2013$bBIBL.2016/195$fFLFBC 959 $aFLFBC 996 $a1914 - Welt in Farbe$91495942 997 $aUNINA